Manual of Mis Policies and Procedures. (Record no. 349121)

000 -LEADER
fixed length control field 00389 a2200145 4500
020 ## - INTERNATIONAL STANDARD BOOK NUMBER
International Standard Book Number 8175140348
082 ## - DEWEY DECIMAL CLASSIFICATION NUMBER
Classification number 658.4038
090 ## - LOCALLY ASSIGNED LC-TYPE CALL NUMBER (OCLC); LOCAL CALL NUMBER (RLIN)
-- 6773
-- 6773
100 ## - MAIN ENTRY--PERSONAL NAME
Personal name Scriven,Donald D.
245 ## - TITLE STATEMENT
Title Manual of Mis Policies and Procedures.
Statement of responsibility, etc. Donald D.Scriven.
260 ## - PUBLICATION, DISTRIBUTION, ETC.
Place of publication, distribution, etc. USA
Name of publisher, distributor, etc. Alexander Hamilton Institute.
Date of publication, distribution, etc. 1998.
300 ## - PHYSICAL DESCRIPTION
Extent 257p.
500 ## - GENERAL NOTE
General note Hard cover
942 ## - ADDED ENTRY ELEMENTS (KOHA)
Institution code [OBSOLETE] NBS
Koha item type Book
Call number prefix 658.4038 SCR
Holdings
Withdrawn status Lost status Damaged status Not for loan Permanent Location Current Location Date acquired Total Checkouts Full call number Barcode Date last seen Price effective from Koha item type
        Central Library (CL) Central Library (CL) 08/28/2013   658.4038 SCR NBS1655 08/28/2013 08/28/2013 Book
© 2023 Central Library, National University of Sciences and Technology. All Rights Reserved.